000 00912nam a2200289Ia 4500
003 OSt
005 20221006140833.0
006 a|||||r|||| 00| 0
007 ta
008 221006b |||||||| |||| 00| 0 eng d
020 _cDFL 80.00
024 _a748
037 _b45807, 19/02/2001, S S S
_cTextual
040 _aEASL
_cEASL
_beng
041 _2eng
_aeng
082 _aR8410m19M, N9
100 _aPOHL Karl-Heinz Ed.
_9145498
245 0 _aChinese thought in a global context
_b A dialogue between Chinese and western philosophical approaches
260 _aLeiden`
_bBrill
_c1999
300 _a406p.
_ccm.
490 _v CEL
650 _a CEL
650 _a East and West
_9367687
650 _aChina - Civilization - western influences congresses
_9643562
942 _hR8410m19M, N9
_cTEXL
_2CC
999 _c1068834
_d1068834